Handbook of Writing for the Mathematical Sciences (Record no. 1848377)

MARC details
000 -LEADER
fixed length control field 00522nam a22001817a 4500
005 - DATE AND TIME OF LATEST TRANSACTION
control field 20260422130617.0
008 - FIXED-LENGTH DATA ELEMENTS--GENERAL INFORMATION
fixed length control field 260422b |||||||| |||| 00| 0 eng d
020 ## - INTERNATIONAL STANDARD BOOK NUMBER
International Standard Book Number 9781611976090
040 ## - CATALOGING SOURCE
Transcribing agency SDCL
041 ## - LANGUAGE CODE
Source of code eng
Language code of text/sound track or separate title eng
084 ## - COLON CLASSIFICATION NUMBER
Classification number B3:(T)g R0
100 ## - MAIN ENTRY--PERSONAL NAME
Personal name Higham, Nicholas J.
245 ## - TITLE STATEMENT
Title Handbook of Writing for the Mathematical Sciences
250 ## - EDITION STATEMENT
Edition statement 3rd
260 ## - PUBLICATION, DISTRIBUTION, ETC.
Place of publication, distribution, etc. Philadelphia :
Name of publisher, distributor, etc. SIAM - Society for Industrial and Applied Mathematics,
Date of publication, distribution, etc. 2020.
300 ## - PHYSICAL DESCRIPTION
Extent xxi, 353p.
942 ## - ADDED ENTRY ELEMENTS (KOHA)
Source of classification or shelving scheme Colon Classification (CC)
Koha item type Textual
100 ## - MAIN ENTRY--PERSONAL NAME
-- 991769
999 ## -
-- 1848377
-- 1848377
Holdings
Withdrawn status Lost status Source of classification or shelving scheme Damaged status Not for loan Home library Current library Date acquired Source of acquisition Inventory number Total checkouts Full call number Barcode Date due Date last seen Date last checked out Price effective from Koha item type
    Colon Classification (CC)     South Campus Library South Campus Library 2026-04-22 Gift Gift 1 B3:(T)g R0 SC1439922 2026-05-08 2026-04-24 2026-04-24 2026-04-22 Textual
Copyright @ Delhi University Library System